[Event "Battlefield Grunfeld"]
[Site "SchemingMind.com"]
[Date "2006.03.01"]
[Round "-"]
[White "Scramble Suit"]
[Black "attakmad"]
[Result "0-1"]
[WhiteCountry "IRL"]
[BlackCountry "IRL"]
[WhiteElo "1422"]
[WhiteRD "88"]
[BlackElo "1617"]
[BlackRD "91"]
[GameID "40945"]

1. d4 Nf6 2. c4 g6 3. Nc3 d5 4. Bf4 c6 5. cxd5 Nxd5 6. e4 Nxf4 7. Nge2 Nxe2 8. Bxe2 e6 9. a3 Bg7 10. e5 b6
11. O-O Ba6 12. Re1 Bxe2 13. Rxe2 O-O 14. f4 f5 15. exf6 Rxf6 16. Re4 Qd6 17. Qg4 Rf5 18. Rd1 Nd7 19. Re3 Bxd4 20. Kh1 Nf6
21. Ne4 Nxg4
0-1

[Event "Battlefield Grunfeld"]
[Site "SchemingMind.com"]
[Date "2006.05.11"]
[Round "-"]
[White "Quebec Libre"]
[Black "attakmad"]
[Result "0-1"]
[WhiteCountry "IRL"]
[BlackCountry "IRL"]
[WhiteElo "1276"]
[WhiteRD "98"]
[BlackElo "1658"]
[BlackRD "91"]
[GameID "40946"]

1. d4 Nf6 2. c4 g6 3. Nc3 d5 4. e3 e6 5. Nf3 c6 6. Bd3 Bb4 7. Bd2 dxc4 8. Bxc4 b5 9. Bb3 Na6 10. O-O Bxc3
11. Bxc3 O-O 12. Ne5 Bb7 13. a4 b4 14. Bd2 Qc7 15. Qf3 Nd5 16. Bxd5 exd5 17. e4 dxe4 18. Qxe4 c5 19. dxc5 Bxe4 20. Bh6 Qxe5
0-1

[Event "Battlefield Grunfeld"]
[Site "SchemingMind.com"]
[Date "2006.03.01"]
[Round "-"]
[White "Michael_f"]
[Black "attakmad"]
[Result "0-1"]
[WhiteCountry "IRL"]
[BlackCountry "IRL"]
[WhiteElo "1004"]
[WhiteRD "127"]
[BlackElo "1617"]
[BlackRD "91"]
[GameID "40947"]

1. d4 Nf6 2. c4 g6 3. Nc3 d5 4. Qa4+ Bd7 5. Qd1 Bg7 6. g3 Bc6 7. b3 dxc4 8. bxc4 Bxh1 9. Bh3 Bc6 10. Rb1 O-O
11. Nf3 Bxf3 12. exf3 b6 13. Ba3 Nc6 14. f4 Nxd4 15. Rb2 c5 16. Rd2 Qc7 17. g4 Qxf4 18. g5 Nf3+ 19. Ke2 Nxd2 20. gxf6 Qe5+
21. Kxd2 Rad8+ 22. Kc1 Rxd1+ 23. Kxd1 Qxc3 24. fxg7 Rd8+ 25. Ke2 Qd3+ 26. Ke1 Qd1#
0-1

[Event "Battlefield Grunfeld"]
[Site "SchemingMind.com"]
[Date "2006.03.15"]
[Round "-"]
[White "niallmcg"]
[Black "attakmad"]
[Result "0-1"]
[WhiteCountry "IRL"]
[BlackCountry "IRL"]
[WhiteElo "1083"]
[WhiteRD "109"]
[BlackElo "1617"]
[BlackRD "91"]
[GameID "40948"]

1. d4 Nf6 2. c4 g6 3. Nc3 d5 4. Qa4+ Bd7 5. Nb5 a6 6. e3 Nc6 7. g3 axb5 8. Qxb5 Nxd4 9. Qxb7 Nc2+ 10. Kd1 Nxa1
11. cxd5 Rxa2 12. f4 Ba4+ 13. Ke2 Nxd5 14. e4 Bb5+ 15. Kf2 Bxf1 16. Kxf1 Nb6 17. h4 e6 18. Be3 Rxb2 19. Qa6 Qd1#
0-1

[Event "Battlefield Grunfeld"]
[Site "SchemingMind.com"]
[Date "2006.03.07"]
[Round "-"]
[White "simon_w"]
[Black "attakmad"]
[Result "0-1"]
[WhiteCountry "IRL"]
[BlackCountry "IRL"]
[WhiteElo "1677"]
[WhiteRD "83"]
[BlackElo "1596"]
[BlackRD "92"]
[GameID "40949"]

1. d4 Nf6 2. c4 g6 3. Nc3 d5 4. cxd5 Nxd5 5. e4 Nxc3 6. bxc3 e5 7. Nf3 Bg7 8. Ba3 exd4 9. cxd4 Bg4 10. Bc4 Bxd4
11. Qxd4 Qxd4 12. Nxd4 Nd7 13. f3 O-O-O 14. fxg4 Ne5 15. Nb5 Nxc4 16. Nxa7+ Kb8 17. Bc5 Rhe8 18. O-O Rxe4 19. Rfe1 Rxe1+ 20. Rxe1 c6
21. Rb1 Kc7 22. h3 Ra8 23. Rb4 b6 24. Nb5+ cxb5 25. Rxb5 Rxa2 26. Bf8 Rb2 27. Rd5 Rd2 28. Re5 Nxe5
0-1